Въззивно производство (Запис номер 22857)
[ съкратено ]
| 000 -Лидер | |
|---|---|
| Контролно поле с фиксирана дължина | 01552nam a2200337 c 4500 |
| 003 - Код на организацията, давaща контролен номер | |
| Контролно поле | BLK |
| 005 - Дата и час на последна редакция | |
| Контролно поле | 20240618112411.0 |
| 008 - Елементи от данни с фиксирана дължина | |
| fixed length control field | 180413b bul|||||r ||||||| ||bul|| |
| 010 ## - Наследен системен номер | |
| LC control number | KNG00025306000 |
| 020 ## - Международен стандартен номер на книга ISBN | |
| Международен стандартен номер на книга ISBN | 954-638-054-7 |
| -- | издат.: Софи-Р |
| 040 ## - Източник на каталожния запис | |
| Идентификатор на билиотеката - собственик на записа | BLK |
| 041 ## - Код за език | |
| Код за езика на текст/звукозапис или на отделно заглавие | Български |
| Код за езика КДБФ | Български |
| 080 ## - УДК | |
| Текстов определител УДК | Гражданско съдопроизводство. Граждански процес. - Видове гражданско съдопроизводство:арбитражна, опростени процедури за по-дребни случаи, формалности при съдебна процедура, разследване, доказване |
| УДК код - определител по УДК | 347.91/.95 |
| УДК определител | (497.2) |
| УДК - код + определител | 347.91/.95(497.2) |
| 100 1# - Редна дума - Автор | |
| Автор | Корнезов, Любен Андонов |
| Авторска отговорност | първи автор |
| R(LIN) | 365350 |
| 139 ## - Редно поле | |
| Редна дума | Корнезов, Любен Андонов |
| Авторски знак | Кор - К 85 |
| 245 10 - Сведения за заглавието | |
| Заглавие | Въззивно производство |
| Редно поле (дума) | Любен Андонов Корнезов. |
| 257 ## - Страна на издаване | |
| Страна на създаване/издаване | България |
| 260 ## - Област на издателските данни | |
| -- | София |
| Име на издателя, разпространителя и проч. | Софи-Р |
| Година на издаване | 1998 |
| Печатница | София : Балкан прес |
| 300 ## - Физическа характеристика | |
| Страници | 120 с. |
| Размери/Мащаб | 20 см |
| 380 ## - Жанр | |
| Жанр | Обществени науки |
| 650 #7 - Допълнително описание по предмет – тема | |
| Основно описание – тема или топоним | Съдопроизводство - България |
| Източник на редна или ключова дума | |
| 9 (RLIN) | 172948 |
| 650 #4 - Допълнително описание по предмет – тема | |
| Основно описание – тема или топоним | Съдебни решения |
| 9 (RLIN) | 253928 |
| 653 ## - Ключова дума – ненормативна | |
| Ключова дума | съдопроизводство |
| 653 ## - Ключова дума – ненормативна | |
| Ключова дума | граждански процес |
| 852 ## - Местоположение | |
| Форматна сигнатура | Цб 198961 |
| 856 4# - Електронен адрес и достъп | |
| Електронен формат | pdf - файл |
| Път до файла /url/ | |
| 856 4# - Електронен адрес и достъп | |
| Електронен формат | pdf - файл |
| Път до файла /url/ | |
| 942 ## - АРТИКУЛИ | |
| Вид на библиотечния материал | Книги |
| Скрит в OPAC | Не |
| 944 ## - СЪЗДАВАНЕ И РЕДАКЦИЯ на ЗАПИСА | |
| Създаване/Редакция | Създаване |
| Дата на регистрацията/редакция | 15.01.2003 |
| Служител, извършил регистрацията/редакцията | 30560 |
| Статус, дата на статуса | Геновева Генчева |
| 944 ## - СЪЗДАВАНЕ И РЕДАКЦИЯ на ЗАПИСА | |
| Създаване/Редакция | Редакция |
| Дата на регистрацията/редакция | 11.03.2005 |
| Служител, извършил регистрацията/редакцията | |
| 999 ## - СИСТЕМНИ КОНТРОЛНИ НОМЕРА | |
| Koha biblionumber | 22857 |
| Koha biblioitemnumber | 22857 |
| Код за отписване | Код за изгубен артикул | Източник на класификационната схема | Код за повреда | Коз за рестрикции | Код за отдаване | Артикулен № | Име на библиотеката - собственик | Име на библиотеката, в която се намира в момента | Статус (Текущо местоположение) | Дата на вписване в системата | Местоположение - отдел | Цена в лева | Инвентарен номер | Систематично азбучна сигнатура | Баркод | Номер на екземпляра | Цена в евро | Служебна бележка | Служебен тип на артикула |
|---|---|---|---|---|---|---|---|---|---|---|---|---|---|---|---|---|---|---|---|
| Не е изгубен | Universal Decimal Classification | Не е повреден | без рестрикции | ползва се в читалня | 37689 | Регионална библиотека "Любен Каравелов" Русе | Регионална библиотека "Любен Каравелов" Русе | Хранилище | 2001-01-01 | Хранилище | 0.00 | 645276 | Цб 198961 | 120000645276 | 1 | 0.00 | Дост: Dp Вид: Д N: 49 Дата: 01.01.1998 | Книги | |
| Изтеглен | Не е изгубен | Universal Decimal Classification | Не е повреден | без рестрикции | заемане за дома | 37690 | Регионална библиотека "Любен Каравелов" Русе | Регионална библиотека "Любен Каравелов" Русе | Заемна - подръчен фонд | 1998-01-01 | Заемна - подръчен фонд | 4.60 | 645673 | П 347/К 85 | 645673 | 2 | 2.35 | Дост: Pk Вид: Ф N: стар фонд Дата: 01.01.1998 | Книги |